[Event "MCRDMZ 2018"]
[Site "Varnsdorf"]
[Date "2018.06.17"]
[Round "4.15"]
[White "Matusik Ondrej (BSS F-M C)"]
[Black "Prazak Daniel (VSTE CB)"]
[Result "0-1"]
[BlackElo "1541"]
[WhiteElo "1448"]
[LiveChessVersion "1.4.8"]

1. e4 {[%clk 0:25:08]} c6 {[%clk 0:25:06]} 2. d4 {[%clk 0:25:02]} d5
{[%clk 0:25:13]} 3. Nc3 {[%clk 0:24:25]} dxe4 {[%clk 0:24:13]} 4. Nxe4
{[%clk 0:24:32]} Nf6 {[%clk 0:23:59]} 5. Nxf6+ {[%clk 0:24:24]} exf6
{[%clk 0:24:05]} 6. Nf3 {[%clk 0:24:07]} Bg4 {[%clk 0:22:51]} 7. Be2
{[%clk 0:23:49]} Bd6 {[%clk 0:22:54]} 8. O-O {[%clk 0:23:26]} O-O
{[%clk 0:22:53]} 9. Be3 {[%clk 0:22:51]} Qc7 {[%clk 0:22:54]} 10. h3
{[%clk 0:22:37]} Bxf3 {[%clk 0:22:12]} 11. Bxf3 {[%clk 0:22:28]} Nd7
{[%clk 0:20:29]} 12. Bg4 {[%clk 0:21:55]} Rfe8 {[%clk 0:19:29]} 13. Qd3
{[%clk 0:21:31]} Nf8 {[%clk 0:18:26]} 14. Bf5 {[%clk 0:21:09]} Rad8
{[%clk 0:17:30]} 15. Qb3 {[%clk 0:20:03]} Ng6 {[%clk 0:16:27]} 16. Bxg6
{[%clk 0:19:27]} hxg6 {[%clk 0:16:30]} 17. Rfe1 {[%clk 0:19:04]} b6
{[%clk 0:15:17]} 18. Kh1 {[%clk 0:17:15]} c5 {[%clk 0:14:00]} 19. dxc5
{[%clk 0:17:13]} Bxc5 {[%clk 0:14:08]} 20. Qc3 {[%clk 0:15:08]} Rc8
{[%clk 0:13:55]} 21. Rac1 {[%clk 0:12:53]} Bxe3 {[%clk 0:13:29]} 22. Qxc7
{[%clk 0:12:30]} Rxc7 {[%clk 0:13:35]} 23. Rxe3 {[%clk 0:12:25]} Rxe3
{[%clk 0:13:27]} 24. fxe3 {[%clk 0:12:32]} f5 {[%clk 0:13:31]} 25. Kg1
{[%clk 0:12:35]} f6 {[%clk 0:13:35]} 26. Kf2 {[%clk 0:12:40]} Kf7
{[%clk 0:13:44]} 27. Kf3 {[%clk 0:12:45]} g5 {[%clk 0:13:48]} 28. g3
{[%clk 0:11:13]} g6 {[%clk 0:13:54]} 29. c3 {[%clk 0:10:12]} Rd7 {[%clk 0:13:59]}
30. Ke2 {[%clk 0:09:59]} Ke6 {[%clk 0:14:07]} 31. Rd1 {[%clk 0:09:54]} Rxd1
{[%clk 0:14:10]} 32. Kxd1 {[%clk 0:10:02]} Ke5 {[%clk 0:14:19]} 33. Ke2
{[%clk 0:10:09]} Ke4 {[%clk 0:14:28]} 34. b3 {[%clk 0:09:36]} f4 {[%clk 0:14:26]}
35. exf4 {[%clk 0:09:10]} gxf4 {[%clk 0:14:35]} 36. gxf4 {[%clk 0:09:11]} Kxf4
{[%clk 0:14:44]} 37. Kf2 {[%clk 0:09:19]} g5 {[%clk 0:14:47]} 38. c4
{[%clk 0:09:00]} Ke4 {[%clk 0:14:31]} 39. Ke2 {[%clk 0:07:58]} a5
{[%clk 0:14:06]} 40. a3 {[%clk 0:06:39]} Kd4 {[%clk 0:14:07]} 41. Kd2
{[%clk 0:06:42]} f5 {[%clk 0:14:15]} 42. Ke2 {[%clk 0:04:10]} Kc3
{[%clk 0:14:24]} 43. Ke3 {[%clk 0:04:16]} Kxb3 {[%clk 0:14:20]} 44. Kd4
{[%clk 0:04:24]} Kxa3 {[%clk 0:14:12]} 45. Ke5 {[%clk 0:04:32]} f4
{[%clk 0:14:19]} 46. Ke4 {[%clk 0:04:40]} Kb4 {[%clk 0:14:25]} 47. Kf3
{[%clk 0:04:45]} a4 {[%clk 0:14:34]} 48. Kg4 {[%clk 0:04:46]} a3 {[%clk 0:14:42]}
49. Kf3 {[%clk 0:04:51]} a2 {[%clk 0:14:51]} 0-1

[Event "MCRDMZ 2018"]
[Site "Varnsdorf"]
[Date "2018.06.17"]
[Round "4.16"]
[White "Cinkova Vicky (VSTE CB)"]
[Black "Szuscikova Natalie (BSS F-M C)"]
[Result "0-1"]
[BlackElo "1398"]
[WhiteElo "1244"]
[LiveChessVersion "1.4.8"]

1. e4 {[%clk 0:25:09]} c5 {[%clk 0:25:19]} 2. f4 {[%clk 0:25:06]} d6
{[%clk 0:25:05]} 3. Nf3 {[%clk 0:25:06]} Nc6 {[%clk 0:24:58]} 4. g3
{[%clk 0:24:57]} Bg4 {[%clk 0:20:57]} 5. Bg2 {[%clk 0:24:49]} Nf6
{[%clk 0:19:59]} 6. O-O {[%clk 0:24:26]} Nxe4 {[%clk 0:18:10]} 7. Qe1
{[%clk 0:19:49]} Nf6 {[%clk 0:15:58]} 8. d3 {[%clk 0:18:21]} g6 {[%clk 0:11:07]}
9. Be3 {[%clk 0:16:36]} Bg7 {[%clk 0:10:45]} 10. Nbd2 {[%clk 0:15:51]} O-O
{[%clk 0:09:21]} 11. c3 {[%clk 0:11:30]} Rc8 {[%clk 0:06:09]} 12. Rd1
{[%clk 0:10:47]} e6 {[%clk 0:02:03]} 13. h3 {[%clk 0:10:16]} Bf5 {[%clk 0:01:27]}
14. Bf2 {[%clk 0:03:45]} Bxd3 {[%clk 0:01:09]} 15. g4 {[%clk 0:00:53]} Bxf1
{[%clk 0:01:08]} 16. Kxf1 {[%clk 0:00:47]} Re8 {[%clk 0:00:51]} 17. Ng5
{[%clk 0:00:56]} Nd5 {[%clk 0:00:31]} 18. Bg3 {[%clk 0:00:57]} Qb6
{[%clk 0:00:18]} 19. Nc4 {[%clk 0:01:00]} Qb5 {[%clk 0:00:23]} 20. b3
{[%clk 0:01:07]} Na5 {[%clk 0:00:27]} 21. Qe2 {[%clk 0:00:50]} Nxc3
{[%clk 0:00:30]} 22. Qd3 {[%clk 0:00:37]} Nxd1 {[%clk 0:00:35]} 23. Qxd1
{[%clk 0:00:40]} Nxc4 {[%clk 0:00:43]} 24. bxc4 {[%clk 0:00:49]} Qxc4+
{[%clk 0:00:52]} 25. Kg1 {[%clk 0:00:53]} Bd4+ {[%clk 0:00:38]} 26. Kh2
{[%clk 0:00:59]} Qxa2 {[%clk 0:00:43]} 27. Kh1 {[%clk 0:00:47]} Qa1
{[%clk 0:00:49]} 28. Qxa1 {[%clk 0:00:47]} Bxa1 {[%clk 0:00:58]} 29. Bxb7
{[%clk 0:00:51]} Rb8 {[%clk 0:01:05]} 30. Be4 {[%clk 0:01:00]} c4
{[%clk 0:01:09]} 31. Nf3 {[%clk 0:01:02]} c3 {[%clk 0:01:13]} 32. Nd4
{[%clk 0:01:11]} Rbc8 {[%clk 0:01:11]} 33. Be1 {[%clk 0:01:16]} Rc4
{[%clk 0:00:46]} 34. Bf2 {[%clk 0:01:24]} c2 {[%clk 0:00:43]} 35. Bxc2
{[%clk 0:01:33]} Bxd4 {[%clk 0:00:48]} 36. Bxd4 {[%clk 0:01:28]} Rxd4
{[%clk 0:00:55]} 37. Kg2 {[%clk 0:01:30]} Rd2+ {[%clk 0:01:04]} 38. Kf3
{[%clk 0:01:39]} Rxc2 {[%clk 0:01:13]} 39. Kg3 {[%clk 0:01:49]} a5
{[%clk 0:01:20]} 40. Kh4 {[%clk 0:01:58]} a4 {[%clk 0:01:28]} 41. Kg5
{[%clk 0:02:07]} a3 {[%clk 0:01:36]} 42. Kh6 {[%clk 0:02:16]} a2 {[%clk 0:01:23]}
43. f5 {[%clk 0:02:23]} a1=Q {[%clk 0:00:58]} 44. fxe6 {[%clk 0:02:32]} Qg7+
{[%clk 0:00:57]} 45. Kg5 {[%clk 0:02:39]} Rxe6 {[%clk 0:00:37]} 46. Kh4
{[%clk 0:02:41]} Qh6+ {[%clk 0:00:42]} 47. Kg3 {[%clk 0:02:50]} Rc3+
{[%clk 0:00:48]} 48. Kf2 {[%clk 0:02:59]} Qd2+ {[%clk 0:00:56]} 0-1

[Event "MCRDMZ 2018"]
[Site "Varnsdorf"]
[Date "2018.06.17"]
[Round "4.17"]
[White "Farek Vojtech (BSS F-M C)"]
[Black "Garabik Marek (VSTE CB)"]
[Result "1-0"]
[BlackElo "1345"]
[WhiteElo "1221"]
[LiveChessVersion "1.4.8"]

1. e4 {[%clk 0:25:17]} e5 {[%clk 0:25:16]} 2. f4 {[%clk 0:25:25]} d5
{[%clk 0:25:13]} 3. exd5 {[%clk 0:24:15]} Qxd5 {[%clk 0:24:53]} 4. Nc3
{[%clk 0:24:22]} Qe6 {[%clk 0:24:46]} 5. Be2 {[%clk 0:23:28]} exf4
{[%clk 0:24:38]} 6. Nf3 {[%clk 0:23:36]} Bd6 {[%clk 0:24:27]} 7. O-O
{[%clk 0:23:31]} Nf6 {[%clk 0:24:24]} 8. Re1 {[%clk 0:23:15]} O-O
{[%clk 0:24:06]} 9. d4 {[%clk 0:22:26]} Qe7 {[%clk 0:23:54]} 10. Bd2
{[%clk 0:21:51]} Bg4 {[%clk 0:23:46]} 11. Ba6 {[%clk 0:20:03]} Bxf3
{[%clk 0:23:14]} 12. Qxf3 {[%clk 0:20:03]} Qd7 {[%clk 0:23:05]} 13. Bxb7
{[%clk 0:20:02]} Rc8 {[%clk 0:22:22]} 14. Bxc8 {[%clk 0:19:29]} Qxc8
{[%clk 0:22:30]} 15. Qxa8 {[%clk 0:19:34]} c5 {[%clk 0:22:13]} 16. Nb5
{[%clk 0:18:46]} Qc6 {[%clk 0:21:51]} 17. Qxc6 {[%clk 0:18:46]} Nxc6
{[%clk 0:22:00]} 18. Nxd6 {[%clk 0:18:53]} Nxd4 {[%clk 0:22:03]} 19. Rac1
{[%clk 0:18:47]} Nc6 {[%clk 0:21:51]} 20. Ne8 {[%clk 0:18:39]} Nd4
{[%clk 0:21:26]} 21. Nxf6+ {[%clk 0:18:36]} gxf6 {[%clk 0:21:35]} 22. Re8+
{[%clk 0:18:35]} Kg7 {[%clk 0:21:44]} 23. Bxf4 {[%clk 0:18:32]} Kg6
{[%clk 0:21:43]} 24. Rf1 {[%clk 0:18:10]} f5 {[%clk 0:21:48]} 25. h3
{[%clk 0:17:53]} f6 {[%clk 0:21:51]} 26. g4 {[%clk 0:17:40]} fxg4
{[%clk 0:21:55]} 27. hxg4 {[%clk 0:17:46]} Kf7 {[%clk 0:22:04]} 28. Rfe1
{[%clk 0:17:10]} Nf3+ {[%clk 0:22:10]} 29. Kf1 {[%clk 0:17:17]} Nxe1
{[%clk 0:22:18]} 30. Rxe1 {[%clk 0:16:46]} Kg6 {[%clk 0:22:26]} 31. Ke2
{[%clk 0:16:39]} f5 {[%clk 0:22:35]} 32. gxf5+ {[%clk 0:16:44]} Kxf5
{[%clk 0:22:44]} 33. Bb8 {[%clk 0:16:51]} h5 {[%clk 0:22:52]} 34. Rg1
{[%clk 0:16:59]} h4 {[%clk 0:22:57]} 35. Kf3 {[%clk 0:16:54]} a6 {[%clk 0:23:02]}
36. Rg4 {[%clk 0:16:57]} h3 {[%clk 0:23:11]} 37. Rh4 {[%clk 0:17:00]} 1-0

[Event "MCRDMZ 2018"]
[Site "Varnsdorf"]
[Date "2018.06.17"]
[Round "4.18"]
[White "Hejda Ondrej (VSTE CB)"]
[Black "Letal Hynek (BSS F-M C)"]
[Result "0-1"]
[BlackElo "1178"]
[WhiteElo "1061"]
[LiveChessVersion "1.4.8"]

1. e4 {[%clk 0:25:16]} e5 {[%clk 0:25:15]} 2. f4 f6 3. fxe5 {[%clk 0:25:04]} fxe5
{[%clk 0:25:21]} 4. Nf3 {[%clk 0:24:56]} Nc6 {[%clk 0:25:28]} 5. Nc3
{[%clk 0:24:39]} d6 {[%clk 0:25:12]} 6. Be2 {[%clk 0:24:16]} Nf6 {[%clk 0:25:04]}
7. O-O {[%clk 0:23:42]} Bd7 {[%clk 0:24:23]} 8. d3 {[%clk 0:22:34]} Be7
{[%clk 0:23:55]} 9. Be3 {[%clk 0:21:50]} O-O {[%clk 0:23:43]} 10. d4
{[%clk 0:21:07]} Ng4 {[%clk 0:22:56]} 11. Qd2 {[%clk 0:19:29]} Bf6
{[%clk 0:21:49]} 12. Nd5 {[%clk 0:18:13]} Ne7 {[%clk 0:20:26]} 13. Nc3
{[%clk 0:17:29]} exd4 {[%clk 0:19:46]} 14. Nxd4 {[%clk 0:16:29]} Nxe3
{[%clk 0:18:54]} 15. Qxe3 {[%clk 0:16:29]} c5 {[%clk 0:18:43]} 16. Nb3
{[%clk 0:15:48]} Qc7 {[%clk 0:17:57]} 17. Rad1 {[%clk 0:14:55]} Bc6
{[%clk 0:17:53]} 18. Bc4+ {[%clk 0:14:16]} Kh8 {[%clk 0:17:43]} 19. Be6 Bd7
{[%clk 0:17:19]} 20. Bc4 {[%clk 0:13:20]} a6 {[%clk 0:17:10]} 21. Be2
{[%clk 0:12:09]} b5 {[%clk 0:17:05]} 22. Nd5 {[%clk 0:11:24]} Nxd5
{[%clk 0:17:04]} 23. Rxd5 {[%clk 0:11:12]} Be6 {[%clk 0:17:00]} 24. Rdd1
{[%clk 0:11:11]} Bxb3 {[%clk 0:17:06]} 25. cxb3 {[%clk 0:11:13]} Bd4
{[%clk 0:17:04]} 26. Rxf8+ {[%clk 0:10:47]} Rxf8 {[%clk 0:17:10]} 27. Rxd4
{[%clk 0:10:52]} cxd4 {[%clk 0:17:16]} 28. Qxd4 {[%clk 0:10:56]} Qc1+
{[%clk 0:17:21]} 29. Bf1 {[%clk 0:10:54]} Qxf1# 0-1

[Event "MCRDMZ 2018"]
[Site "Varnsdorf"]
[Date "2018.06.17"]
[Round "5.1"]
[White "Hrbek Stepan (Polabiny A)"]
[Black "Stalmach Richard (BSS F-M A)"]
[Result "1-0"]
[BlackElo "1754"]
[WhiteElo "1785"]
[LiveChessVersion "1.4.8"]

1. Nf3 {[%clk 0:25:19]} f5 {[%clk 0:25:17]} 2. d3 {[%clk 0:25:27]} Nf6
{[%clk 0:25:26]} 3. e4 {[%clk 0:25:37]} d6 {[%clk 0:25:36]} 4. exf5
{[%clk 0:25:18]} Bxf5 {[%clk 0:25:45]} 5. d4 {[%clk 0:25:27]} g6 {[%clk 0:25:33]}
6. Bd3 {[%clk 0:25:00]} Bxd3 {[%clk 0:25:40]} 7. Qxd3 {[%clk 0:25:08]} c6
{[%clk 0:23:01]} 8. O-O {[%clk 0:25:05]} Bg7 {[%clk 0:23:03]} 9. Re1
{[%clk 0:24:10]} Na6 {[%clk 0:21:55]} 10. c4 {[%clk 0:21:37]} O-O
{[%clk 0:21:32]} 11. Nc3 {[%clk 0:21:28]} Qd7 {[%clk 0:19:25]} 12. d5
{[%clk 0:19:02]} Nc5 {[%clk 0:15:47]} 13. Qd1 {[%clk 0:19:01]} cxd5
{[%clk 0:13:47]} 14. cxd5 {[%clk 0:19:02]} b6 {[%clk 0:06:38]} 15. Be3
{[%clk 0:15:42]} Ng4 {[%clk 0:04:55]} 16. Bd4 {[%clk 0:15:29]} Bxd4
{[%clk 0:02:28]} 17. Qxd4 {[%clk 0:15:27]} a5 {[%clk 0:02:26]} 18. Re2
{[%clk 0:13:31]} Rae8 {[%clk 0:02:16]} 19. Rae1 {[%clk 0:13:29]} h6
{[%clk 0:01:33]} 20. b4 {[%clk 0:11:25]} axb4 {[%clk 0:01:21]} 21. Ne4
{[%clk 0:10:53]} Nxe4 {[%clk 0:01:23]} 22. Qxe4 {[%clk 0:10:40]} Qf5
{[%clk 0:01:16]} 23. Qxb4 {[%clk 0:10:28]} Nf6 {[%clk 0:00:43]} 24. Rxe7
{[%clk 0:08:25]} Rxe7 {[%clk 0:00:53]} 25. Rxe7 {[%clk 0:08:33]} Qxd5
{[%clk 0:01:02]} 26. Qxb6 {[%clk 0:07:41]} Rf7 {[%clk 0:00:36]} 27. Qb8+
{[%clk 0:06:11]} Kg7 {[%clk 0:00:45]} 28. Rxf7+ {[%clk 0:06:17]} Kxf7
{[%clk 0:00:53]} 29. Qb3 {[%clk 0:05:13]} Qxb3 {[%clk 0:00:58]} 30. axb3
{[%clk 0:05:22]} Ke6 {[%clk 0:01:05]} 31. Kf1 {[%clk 0:05:28]} Kd5
{[%clk 0:00:54]} 32. Ke2 {[%clk 0:04:43]} Kc5 {[%clk 0:01:04]} 33. Nh4
{[%clk 0:03:47]} g5 {[%clk 0:01:02]} 34. Nf5 {[%clk 0:03:57]} h5 {[%clk 0:00:56]}
35. f3 {[%clk 0:03:30]} d5 {[%clk 0:00:42]} 36. Kd3 {[%clk 0:03:38]} Nd7
{[%clk 0:00:27]} 37. b4+ {[%clk 0:03:11]} Kxb4 {[%clk 0:00:33]} 38. Kd4
{[%clk 0:03:21]} Nb6 {[%clk 0:00:32]} 39. Ne3 {[%clk 0:03:17]} Kb5
{[%clk 0:00:32]} 40. Nxd5 {[%clk 0:03:21]} Nd7 {[%clk 0:00:42]} 41. Nc7+
{[%clk 0:02:56]} Kc6 {[%clk 0:00:49]} 42. Ne6 {[%clk 0:03:05]} g4
{[%clk 0:00:36]} 43. fxg4 {[%clk 0:02:49]} hxg4 {[%clk 0:00:45]} 44. Ke4
{[%clk 0:02:57]} Kd6 {[%clk 0:00:54]} 45. Nd4 Ne5 {[%clk 0:00:33]} 46. Nf5+
{[%clk 0:02:22]} Ke6 {[%clk 0:00:41]} 47. Ne3 {[%clk 0:02:22]} g3
{[%clk 0:00:21]} 48. h3 {[%clk 0:02:18]} Ng6 {[%clk 0:00:19]} 49. Kf3
{[%clk 0:02:27]} Kf6 {[%clk 0:00:25]} 50. Kxg3 {[%clk 0:02:35]} Kg5
{[%clk 0:00:35]} 51. Kf3 {[%clk 0:01:32]} Nh4+ {[%clk 0:00:32]} 52. Ke4
{[%clk 0:01:37]} Ng6 {[%clk 0:00:38]} 53. g3 {[%clk 0:01:45]} Ne7
{[%clk 0:00:43]} 54. Ng2 {[%clk 0:01:18]} Ng6 {[%clk 0:00:52]} 55. g4
{[%clk 0:01:01]} Ne7 {[%clk 0:00:58]} 56. Kf3 {[%clk 0:01:09]} Ng6
{[%clk 0:00:55]} 57. Kg3 {[%clk 0:01:14]} Ne5 {[%clk 0:01:02]} 58. h4+
{[%clk 0:01:23]} Kh6 {[%clk 0:01:11]} 59. Ne1 {[%clk 0:00:58]} Nc4
{[%clk 0:01:16]} 60. Nf3 {[%clk 0:01:02]} Ne3 {[%clk 0:01:21]} 61. Kf4
{[%clk 0:00:59]} Nd5+ {[%clk 0:01:22]} 62. Kg3 {[%clk 0:01:03]} Ne3
{[%clk 0:01:31]} 63. Ne5 {[%clk 0:00:53]} Kg7 {[%clk 0:01:34]} 64. Kf4
{[%clk 0:00:55]} Nd5+ {[%clk 0:01:42]} 65. Kg5 {[%clk 0:01:04]} Ne7
{[%clk 0:01:47]} 66. h5 {[%clk 0:01:03]} Ng8 {[%clk 0:01:56]} 67. Nf3
{[%clk 0:00:58]} Kh7 {[%clk 0:02:01]} 68. Nh4 {[%clk 0:01:06]} Ne7
{[%clk 0:02:07]} 69. Nf5 {[%clk 0:01:12]} Nd5 {[%clk 0:02:13]} 70. Kh4
{[%clk 0:01:13]} Nf6 {[%clk 0:02:20]} 71. g5 {[%clk 0:01:17]} Ne4
{[%clk 0:02:29]} 72. g6+ {[%clk 0:01:10]} Kg8 {[%clk 0:02:38]} 73. h6
{[%clk 0:00:37]} Nf6 {[%clk 0:02:48]} 74. Kg5 {[%clk 0:00:44]} Ne4+
{[%clk 0:02:57]} 75. Kf4 {[%clk 0:00:53]} Nf6 {[%clk 0:03:05]} 76. Ke5
{[%clk 0:01:01]} Ng4+ {[%clk 0:03:14]} 77. Ke6 {[%clk 0:01:10]} Kh8
{[%clk 0:03:13]} 78. h7 {[%clk 0:00:26]} Ne5 {[%clk 0:02:20]} 79. g7+
{[%clk 0:00:23]} 1-0

[Event "MCRDMZ 2018"]
[Site "Varnsdorf"]
[Date "2018.06.17"]
[Round "5.2"]
[White "Paseka Matyas (BSS F-M A)"]
[Black "Brozka Karel (Polabiny A)"]
[Result "0-1"]
[BlackElo "1735"]
[WhiteElo "1730"]
[LiveChessVersion "1.4.8"]

1. e4 {[%clk 0:25:17]} c6 {[%clk 0:25:13]} 2. d4 {[%clk 0:25:24]} d5
{[%clk 0:25:19]} 3. exd5 {[%clk 0:25:29]} cxd5 {[%clk 0:25:27]} 4. c4
{[%clk 0:25:32]} Nf6 {[%clk 0:25:26]} 5. Nc3 {[%clk 0:25:37]} Nc6
{[%clk 0:24:57]} 6. Nf3 {[%clk 0:25:39]} e6 {[%clk 0:23:52]} 7. c5
{[%clk 0:25:39]} b6 {[%clk 0:23:14]} 8. b4 {[%clk 0:25:38]} bxc5 {[%clk 0:21:42]}
9. dxc5 {[%clk 0:24:38]} Bd7 {[%clk 0:20:48]} 10. b5 {[%clk 0:24:06]} Bxc5
{[%clk 0:14:30]} 11. bxc6 {[%clk 0:24:11]} Bxc6 {[%clk 0:14:34]} 12. Ne5
{[%clk 0:22:08]} Bd7 {[%clk 0:13:11]} 13. Nxd7 {[%clk 0:21:55]} Nxd7
{[%clk 0:12:59]} 14. Bb5 {[%clk 0:21:25]} Bb4 {[%clk 0:10:32]} 15. Bb2
{[%clk 0:17:39]} Qa5 {[%clk 0:10:11]} 16. Qb3 {[%clk 0:11:13]} Qxb5
{[%clk 0:09:16]} 17. a4 {[%clk 0:05:11]} Qa5 {[%clk 0:07:25]} 18. O-O
{[%clk 0:04:01]} O-O 19. Nb5 Rfc8 {[%clk 0:04:44]} 20. Qg3 {[%clk 0:03:40]} Bf8
{[%clk 0:04:38]} 21. Bc3 {[%clk 0:01:16]} Qb6 {[%clk 0:03:50]} 22. Bd4
{[%clk 0:01:18]} Nc5 {[%clk 0:02:34]} 23. Rfb1 {[%clk 0:00:37]} Qc6
{[%clk 0:02:09]} 24. Rc1 {[%clk 0:00:33]} Qd7 {[%clk 0:02:03]} 25. Rc3
{[%clk 0:00:16]} Ne4 {[%clk 0:02:04]} 26. Rc7 {[%clk 0:00:19]} Qxb5
{[%clk 0:00:57]} 27. axb5 {[%clk 0:00:13]} Nxg3 {[%clk 0:01:03]} 28. Rxc8
{[%clk 0:00:21]} Rxc8 {[%clk 0:01:00]} 29. hxg3 {[%clk 0:00:29]} Rb8
{[%clk 0:00:46]} 30. Rxa7 {[%clk 0:00:28]} Rxb5 {[%clk 0:00:55]} 31. Ra8
{[%clk 0:00:19]} f6 {[%clk 0:00:51]} 32. Ra6 {[%clk 0:00:25]} e5 {[%clk 0:00:59]}
33. Be3 {[%clk 0:00:13]} d4 {[%clk 0:01:09]} 34. Bd2 {[%clk 0:00:23]} Rb2
{[%clk 0:01:13]} 35. Ba5 {[%clk 0:00:19]} d3 {[%clk 0:01:11]} 36. Ra7
{[%clk 0:00:20]} d2 {[%clk 0:01:12]} 37. Bxd2 {[%clk 0:00:28]} Rxd2
{[%clk 0:01:21]} 38. Kf1 {[%clk 0:00:36]} Rd4 {[%clk 0:01:30]} 39. Ke2
{[%clk 0:00:42]} Bc5 {[%clk 0:01:36]} 40. Rc7 {[%clk 0:00:44]} Rd5
{[%clk 0:01:38]} 41. f3 {[%clk 0:00:43]} Bd4 {[%clk 0:01:47]} 42. g4 Rc5 43. Rxc5
{[%clk 0:00:35]} Bxc5 {[%clk 0:02:06]} 44. Kd3 {[%clk 0:00:44]} Bd4
{[%clk 0:02:14]} 45. Ke4 Kf7 {[%clk 0:02:23]} 46. f4 {[%clk 0:00:53]} Ke6
{[%clk 0:02:32]} 47. f5+ {[%clk 0:01:02]} Kd6 {[%clk 0:02:40]} 48. Kf3
{[%clk 0:00:52]} Kd5 {[%clk 0:02:48]} 49. Ke2 {[%clk 0:00:53]} Ke4
{[%clk 0:02:55]} 50. g3 {[%clk 0:01:00]} Bb6 {[%clk 0:03:04]} 0-1

[Event "MCRDMZ 2018"]
[Site "Varnsdorf"]
[Date "2018.06.17"]
[Round "5.3"]
[White "Juchelka Marek (Polabiny A)"]
[Black "Vasinek Martin (BSS F-M A)"]
[Result "0-1"]
[BlackElo "1829"]
[WhiteElo "1657"]
[LiveChessVersion "1.4.8"]

1. e4 {[%clk 0:25:18]} c5 {[%clk 0:25:19]} 2. Nf3 {[%clk 0:25:26]} Nc6
{[%clk 0:25:28]} 3. d4 {[%clk 0:25:34]} cxd4 {[%clk 0:25:37]} 4. Nxd4
{[%clk 0:25:42]} g6 {[%clk 0:25:47]} 5. Nc3 {[%clk 0:25:47]} Bg7 {[%clk 0:25:55]}
6. Be3 {[%clk 0:25:56]} Nf6 {[%clk 0:26:04]} 7. Be2 {[%clk 0:26:05]} O-O
{[%clk 0:26:09]} 8. O-O {[%clk 0:26:09]} d5 {[%clk 0:25:57]} 9. exd5
{[%clk 0:26:01]} Nxd5 {[%clk 0:26:03]} 10. Nxc6 {[%clk 0:26:03]} bxc6
{[%clk 0:26:10]} 11. Nxd5 {[%clk 0:25:05]} cxd5 {[%clk 0:26:16]} 12. c3
{[%clk 0:25:14]} e6 {[%clk 0:26:17]} 13. Bb5 {[%clk 0:25:01]} Rb8
{[%clk 0:26:06]} 14. Ba4 {[%clk 0:24:54]} Rxb2 {[%clk 0:26:04]} 15. Bc5
{[%clk 0:24:40]} Bxc3 {[%clk 0:25:50]} 16. Bxf8 {[%clk 0:24:45]} Kxf8
{[%clk 0:25:46]} 17. Rc1 {[%clk 0:24:43]} Qa5 {[%clk 0:25:17]} 18. Bb3
{[%clk 0:24:08]} Ba6 {[%clk 0:25:12]} 19. Qf3 {[%clk 0:19:11]} Bxf1
{[%clk 0:25:06]} 20. Kxf1 {[%clk 0:18:49]} Qa6+ {[%clk 0:24:03]} 21. Kg1
{[%clk 0:18:51]} Be5 {[%clk 0:23:52]} 22. g3 {[%clk 0:17:40]} Qe2
{[%clk 0:22:05]} 23. Qg2 {[%clk 0:17:06]} Kg7 {[%clk 0:21:32]} 24. Rf1
{[%clk 0:16:21]} d4 {[%clk 0:20:52]} 25. Bd1 {[%clk 0:15:46]} Qd2
{[%clk 0:20:22]} 26. Qe4 {[%clk 0:15:34]} Bf6 {[%clk 0:20:12]} 27. Bb3
{[%clk 0:15:08]} a5 {[%clk 0:16:26]} 28. Qf3 {[%clk 0:13:59]} Qc3
{[%clk 0:08:27]} 29. Qf4 {[%clk 0:09:14]} d3 {[%clk 0:03:44]} 30. Rc1
{[%clk 0:06:48]} Qe5 {[%clk 0:03:36]} 31. Qf3 {[%clk 0:04:18]} d2
{[%clk 0:02:55]} 32. Rd1 {[%clk 0:04:01]} Qc3 {[%clk 0:01:17]} 33. Qe2
{[%clk 0:03:49]} a4 {[%clk 0:00:58]} 34. Bc4 {[%clk 0:03:31]} Qc1
{[%clk 0:00:42]} 35. Kg2 {[%clk 0:03:35]} Qc3 {[%clk 0:00:39]} 36. h4
{[%clk 0:02:46]} Rc2 {[%clk 0:00:44]} 37. Bd3 {[%clk 0:02:38]} Rxa2
{[%clk 0:00:50]} 38. Bb1 {[%clk 0:02:40]} Rb2 {[%clk 0:00:56]} 39. Bd3
{[%clk 0:02:43]} a3 {[%clk 0:01:04]} 40. Ra1 {[%clk 0:02:26]} a2 {[%clk 0:01:06]}
41. Bc4 {[%clk 0:02:31]} Qc1 {[%clk 0:00:53]} 42. Rxa2 {[%clk 0:02:09]} Rxa2
{[%clk 0:00:52]} 43. Bb3 {[%clk 0:02:03]} Rb2 {[%clk 0:00:57]} 44. Ba4
{[%clk 0:02:10]} Rb1 {[%clk 0:00:56]} 45. Kf3 {[%clk 0:01:47]} d1=Q
{[%clk 0:00:56]} 46. Bxd1 {[%clk 0:01:54]} Qxd1 {[%clk 0:01:05]} 0-1

[Event "MCRDMZ 2018"]
[Site "Varnsdorf"]
[Date "2018.06.17"]
[Round "5.4"]
[White "Licka Denis (BSS F-M A)"]
[Black "Stocek Martin (Polabiny A)"]
[Result "1/2-1/2"]
[BlackElo "1481"]
[WhiteElo "1537"]
[LiveChessVersion "1.4.8"]

1. e4 {[%clk 0:25:17]} c6 {[%clk 0:25:18]} 2. d4 {[%clk 0:25:25]} d5
{[%clk 0:25:27]} 3. Nd2 {[%clk 0:25:34]} dxe4 {[%clk 0:25:34]} 4. Nxe4
{[%clk 0:25:42]} Nf6 {[%clk 0:25:42]} 5. Nxf6+ {[%clk 0:25:33]} exf6
{[%clk 0:25:51]} 6. Nf3 {[%clk 0:25:36]} Bd6 {[%clk 0:25:59]} 7. Be2
{[%clk 0:24:56]} O-O {[%clk 0:26:07]} 8. O-O {[%clk 0:25:04]} Nd7
{[%clk 0:25:57]} 9. Re1 {[%clk 0:24:04]} Nb6 {[%clk 0:25:56]} 10. c4
{[%clk 0:24:07]} c5 {[%clk 0:25:35]} 11. d5 {[%clk 0:23:54]} Re8 {[%clk 0:25:34]}
12. Bd3 {[%clk 0:23:27]} Bg4 {[%clk 0:24:34]} 13. Be3 Qc7 {[%clk 0:24:25]} 14.
Qc2 {[%clk 0:22:54]} h6 {[%clk 0:22:03]} 15. Nh4 {[%clk 0:22:15]} Bxh2+
{[%clk 0:20:52]} 16. Kh1 {[%clk 0:22:21]} Bf4 {[%clk 0:20:59]} 17. Bxf4
{[%clk 0:21:59]} Qxf4 {[%clk 0:21:08]} 18. Bf5 {[%clk 0:20:11]} Bxf5
{[%clk 0:20:49]} 19. Nxf5 {[%clk 0:20:12]} Nxc4 {[%clk 0:17:10]} 20. Kg1
{[%clk 0:15:49]} Nd6 {[%clk 0:15:35]} 21. Nxd6 {[%clk 0:12:22]} Qxd6
{[%clk 0:15:44]} 22. Qb3 {[%clk 0:12:21]} b6 {[%clk 0:15:42]} 23. Rad1
{[%clk 0:12:24]} Re5 {[%clk 0:15:29]} 24. Rxe5 {[%clk 0:12:09]} fxe5
{[%clk 0:15:37]} 25. Re1 {[%clk 0:12:17]} Rd8 {[%clk 0:15:34]} 26. Rd1
{[%clk 0:12:08]} e4 {[%clk 0:15:26]} 27. Qe3 {[%clk 0:11:45]} Qe5
{[%clk 0:15:25]} 28. f4 {[%clk 0:11:38]} Qf5 {[%clk 0:14:08]} 29. d6
{[%clk 0:11:06]} Qe6 {[%clk 0:14:01]} 30. a3 {[%clk 0:08:40]} Rxd6
{[%clk 0:10:56]} 31. Rxd6 {[%clk 0:08:43]} Qxd6 {[%clk 0:11:05]} 32. Qxe4
{[%clk 0:08:52]} Qd4+ {[%clk 0:10:36]} 33. Qxd4 {[%clk 0:08:43]} cxd4
{[%clk 0:10:46]} 34. Kf1 {[%clk 0:08:52]} Kf8 {[%clk 0:10:53]} 35. Ke2
{[%clk 0:09:01]} Ke7 {[%clk 0:10:59]} 36. Kd3 {[%clk 0:09:10]} Kd6
{[%clk 0:11:07]} 37. Kxd4 {[%clk 0:09:19]} h5 {[%clk 0:11:02]} 38. g3
{[%clk 0:09:26]} f6 {[%clk 0:11:09]} 39. f5 {[%clk 0:09:02]} b5 {[%clk 0:10:50]}
40. b3 {[%clk 0:08:45]} b4 {[%clk 0:07:05]} 41. a4 {[%clk 0:07:46]} a5
{[%clk 0:06:00]} 42. Kc4 {[%clk 0:07:55]} Ke5 43. Kb5 Kxf5 44. Kxa5
{[%clk 0:07:32]} Ke5 1/2-1/2